| 000 | 01113nam a22002171i 4500 | ||
|---|---|---|---|
| 001 | 181126 | ||
| 003 | ES-MaACL | ||
| 005 | 20250925063048.0 | ||
| 008 | 121023s1909 sp |||| | spa d | ||
| 100 | 1 |
_aSanz y Escartín, Eduardo, _d1855-1939 _9103695 |
|
| 245 | 1 | 3 |
_aLa educación moral _b: memoria escrita por Eduardo Sanz y Escartín en el Primer Congreso Internacional de Educación Moral celebrado en Londres en septiembre de 1908. |
| 260 |
_a[Madrid] : _bJunta para Ampliación de Estudios e Investigaciones Científicos, _c1909. |
||
| 300 |
_a60 p. ; _c23 cm. |
||
| 490 | 1 |
_aAnales de la Junta para Ampliación de Estudios e Investigaciones Científicos ; _vT. 1, memoria 1 |
|
| 650 | 0 | 7 |
_aEducación moral _2embne _912115 |
| 710 | 2 |
_aJunta para la Ampliación de Estudios e Investigaciones Científicas. _95413 |
|
| 711 | 2 |
_aCongreso Internacional de Educación Moral ( _n1º. _d1908. _cLondres) _9151696 |
|
| 830 | 0 |
_aAnales de la Junta para Ampliación de Estudios e Investigaciones Científicos ; _vT. 1, memoria 1 _9224700 |
|
| 852 |
_aES-MaACL _jB-13157(1) |
||
| 999 |
_c181126 _d181126 |
||